000 00733nam a2200241Ia 4500
003 OSt
005 20220926005434.0
006 a|||||r|||| 00| 0
007 ta
008 220923b |||||||| |||| 00| 0 eng d
020 _a9786132220282
_c6554.54
037 _b5689, 09/02/2016, RAJKIRAN BOOK AGENCY
_cGeneral Book
040 _aRTL
_cRTL
_beng
041 _2eng
_aeng
082 _aX:(Z), Q5
100 _aJAIN Satish Kumar
_9310329
245 0 _aEconomic analysis of liability rules
260 _a New Delhi
_bSpringer
_c2015
300 _aix, 180p
_ccm.
650 _aEconomics
942 _hX:(Z), Q5
_cGB
_2CC
999 _c613866
_d613866